000 00579nam a2200193Ia 4500
003 GCL
008 140319s9999 xx 000 0 ara d
040 _aGCL /
_cGCL
082 0 4 _a818.02
_bج م
100 1 _aحديوى حلاوة
245 1 0 _aالمرشد الواعظ فى الحكم والمواعظ /
_cحديوى حلاوة
260 _a[S.N] :
_bالدار المصرية اللبنانية ،
_c1992
300 _a149 ص
490 _a
650 0 4 _aالادب العربى
650 0 4 _aالامثال العربية
650 0 4 _aالحكم
942 _2ddc
_cBK
999 _c30121
_d30121